[Event "Tch-CRO 1stA liga 2017"]
[Site "Mali Losinj"]
[Date "2017.09.29"]
[Round "2.52"]
[White "Radovanovic, Nikola"]
[Black "Dabo-Peranic, Robert"]
[Result "1/2-1/2"]
[WhiteElo "2398"]
[BlackElo "2341"]
[PlyCount "175"]
[EventDate "2017.??.??"]
[EventCountry "CRO"]

1. e4 e5 2. Nf3 Nc6 3. Bb5 a6 4. Ba4 Nf6 5. O-O Be7 6. Re1 b5 7. Bb3 d6 8. c3
O-O 9. h3 Na5 10. Bc2 c5 11. d4 Nd7 12. d5 Nc4 13. b3 Ncb6 14. a4 bxa4 15. bxa4
Nc4 16. Qd3 Na5 17. c4 Rb8 18. Nbd2 g6 19. Rb1 Rxb1 20. Nxb1 f5 21. Nbd2 f4 22.
Qc3 g5 23. Nf1 h5 24. N1h2 Rf7 25. Bd2 Nb7 26. Rb1 Rh7 27. Bd1 Qf8 28. Ne1 Nf6
29. f3 Bd8 30. Nd3 Ba5 31. Qc2 Bxd2 32. Qxd2 Qd8 33. Nf2 Na5 34. Qc3 Rb7 35.
Rxb7 Bxb7 36. Nd3 Nd7 37. Nf1 Qb6 38. Nd2 Bc8 39. Kf1 Kf8 40. Ke1 Ke7 41. Bc2
Kd8 42. Kd1 Kc7 43. Kc1 Kb8 44. Bd1 Ka7 45. Bc2 Qd8 46. Kb2 Qc7 47. Ka3 Nf6 48.
Bd1 Bd7 49. Nc1 Nb7 50. Ndb3 g4 51. hxg4 hxg4 52. Qe1 g3 53. Qh1 Be8 54. Qh6
Qf7 55. Nd3 Nd7 56. Qh4 Qf6 57. Qh7 Kb6 58. Nd2 Kc7 59. Be2 Kd8 60. Qh1 Qg5 61.
Qh8 Qh5 62. Qxh5 Bxh5 63. Bf1 Kc7 64. Nb2 Kb6 65. Nd3 Nd8 66. Nb3 a5 67. Nd2
Nb8 68. Nb2 Nf7 69. Kb3 Na6 70. Nd3 Ng5 71. Ne1 Nb4 72. Nb1 Nh7 73. Nc3 Be8 74.
Be2 Nf6 75. Bf1 Bd7 76. Be2 Ka6 77. Bf1 Ne8 78. Ka3 Nc7 79. Kb3 Na8 80. Be2 Nb6
81. Bf1 Ka7 82. Be2 Kb8 83. Bf1 Kc7 84. Be2 Bc8 85. Bf1 Ba6 86. Be2 Kd7 87. Bf1
Ke7 88. Be2 1/2-1/2

[Event "Tch-CRO 1stA liga 2017"]
[Site "Mali Losinj"]
[Date "2017.09.29"]
[Round "2.53"]
[White "Rubil, Marko"]
[Black "Ivekovic, Zvonimir"]
[Result "1/2-1/2"]
[WhiteElo "2298"]
[BlackElo "2409"]
[PlyCount "104"]
[EventDate "2017.??.??"]
[EventCountry "CRO"]

1. e4 c5 2. Nf3 d6 3. d4 cxd4 4. Nxd4 Nf6 5. Nc3 a6 6. Bg5 e6 7. f4 h6 8. Bh4
Qb6 9. Qd2 Qxb2 10. Rb1 Qa3 11. f5 Be7 12. fxe6 fxe6 13. Bc4 Qc5 14. Bxe6 Nc6
15. Bf2 Qe5 16. Bxc8 Rxc8 17. O-O O-O 18. Nf3 Nxe4 19. Nxe4 Qxe4 20. Rfe1 Qg6
21. Qd5+ Qf7 22. Qxf7+ Rxf7 23. Rxb7 Bf6 24. Rb6 a5 25. Rb5 a4 26. Re4 a3 27.
Rc4 Rff8 28. Ra4 Bb2 29. Bg3 Ne5 30. Nd4 Nc4 31. Nf5 Rf7 32. h3 Nd2 33. Nxd6
Rf1+ 34. Kh2 Nf3+ 35. gxf3 Rxc2+ 36. Bf2 Rcxf2+ 37. Kg3 Rxf3+ 38. Kg4 Rf6 39.
Ne4 Rf7 40. h4 R1f4+ 41. Kg3 Rf3+ 42. Kg2 g6 43. h5 gxh5 44. Rxh5 Bg7 45. Ra8+
Rf8 46. Rxf8+ Rxf8 47. Rh3 Rf4 48. Nd2 Bf8 49. Nb1 Ra4 50. Rb3 Kf7 51. Kf3 h5
52. Nc3 Rh4 1/2-1/2

[Event "Tch-CRO 1stA liga 2017"]
[Site "Mali Losinj"]
[Date "2017.09.29"]
[Round "2.54"]
[White "Ostovic, Matija"]
[Black "Matanovic, Luka"]
[Result "1-0"]
[WhiteElo "2334"]
[BlackElo "2211"]
[PlyCount "55"]
[EventDate "2017.??.??"]
[EventCountry "CRO"]

1. d4 Nf6 2. c4 g6 3. g3 Bg7 4. Bg2 O-O 5. Nf3 d6 6. O-O Nc6 7. d5 Na5 8. Nbd2
c5 9. e4 b5 10. cxb5 a6 11. b6 Qxb6 12. Rb1 e6 13. b4 cxb4 14. Ba3 exd5 15.
Bxb4 dxe4 16. Ng5 Bf5 17. Ngxe4 Rfe8 18. Bc5 Qc7 19. Bb6 Qe7 20. Nxf6+ Qxf6 21.
Bxa8 Bxb1 22. Qxb1 Rb8 23. Qb4 d5 24. Qxa5 Rxb6 25. Qxd5 Qe7 26. Nc4 Rb5 27.
Qe4 Qa7 28. Bd5 1-0

[Event "Tch-CRO 1stA liga 2017"]
[Site "Mali Losinj"]
[Date "2017.09.29"]
[Round "2.55"]
[White "Vukelic, Tomislav"]
[Black "Vrban, Mladen"]
[Result "0-1"]
[WhiteElo "2226"]
[BlackElo "2295"]
[PlyCount "28"]
[EventDate "2017.??.??"]
[EventCountry "CRO"]

1. d4 f5 2. Bg5 c6 3. e3 Qb6 4. Nd2 Qxb2 5. Bd3 d5 6. Rb1 Qc3 7. Ne2 Qa5 8. c4
e6 9. O-O Be7 10. Bxe7 Nxe7 11. Qc2 O-O 12. g4 Ng6 13. gxf5 Nh4 14. Ng3 Qxd2
0-1

[Event "Tch-CRO 1stA liga 2017"]
[Site "Mali Losinj"]
[Date "2017.09.30"]
[Round "3.11"]
[White "Srbis, Jurica"]
[Black "Saric, Ivan"]
[Result "0-1"]
[WhiteElo "2421"]
[BlackElo "2662"]
[PlyCount "66"]
[EventDate "2017.??.??"]
[EventCountry "CRO"]

1. e4 c5 2. Nf3 d6 3. Bb5+ Nd7 4. O-O a6 5. Bd3 Ngf6 6. Re1 e5 7. c3 Be7 8. Bf1
b5 9. d4 Bb7 10. Nbd2 cxd4 11. cxd4 O-O 12. a4 Qb6 13. b3 exd4 14. Bb2 d5 15.
axb5 axb5 16. Bxd4 Bc5 17. Bxc5 Nxc5 18. e5 Nfe4 19. Qe2 Ne6 20. g3 Rxa1 21.
Rxa1 Rc8 22. Qe3 d4 23. Qd3 Nxd2 24. Nxd2 Qc6 25. f3 Qc3 26. Rd1 Nc5 27. Qf5 g6
28. Qf4 Ne6 29. Ne4 Nxf4 30. Nxc3 dxc3 31. gxf4 Bxf3 32. Ra1 b4 33. Bc4 Rxc4
0-1

[Event "Tch-CRO 1stA liga 2017"]
[Site "Mali Losinj"]
[Date "2017.09.30"]
[Round "3.12"]
[White "Predojevic, Borki"]
[Black "Radovanovic, Nikola"]
[Result "1/2-1/2"]
[WhiteElo "2614"]
[BlackElo "2398"]
[PlyCount "39"]
[EventDate "2017.??.??"]
[EventCountry "CRO"]

1. e4 c5 2. Nf3 d6 3. Bb5+ Nd7 4. a4 a6 5. Be2 Ngf6 6. Nc3 g6 7. a5 Bg7 8. O-O
O-O 9. Re1 e5 10. d3 h6 11. Nd2 b5 12. axb6 Nxb6 13. Nc4 Be6 14. Be3 Nc8 15.
Ra4 Ne8 16. Bf3 Nc7 17. b3 Rb8 18. Bd2 Qd7 19. Ne3 Nb6 20. Ra5 1/2-1/2

[Event "Tch-CRO 1stA liga 2017"]
[Site "Mali Losinj"]
[Date "2017.09.30"]
[Round "3.13"]
[White "Ivekovic, Zvonimir"]
[Black "Markus, Robert"]
[Result "0-1"]
[WhiteElo "2409"]
[BlackElo "2650"]
[PlyCount "74"]
[EventDate "2017.??.??"]
[EventCountry "CRO"]

1. e4 d6 2. d4 Nf6 3. Nc3 e5 4. Nf3 Nbd7 5. h3 c6 6. g4 Be7 7. g5 Nh5 8. Be3 g6
9. h4 Qc7 10. Qd2 O-O 11. O-O-O b5 12. Bh3 Nb6 13. b3 Bxh3 14. Rxh3 b4 15. Ne2
c5 16. d5 Qd7 17. Rdh1 Qg4 18. Ng3 Nxg3 19. fxg3 h5 20. gxh6 Qxf3 21. h7+ Kxh7
22. Bg5 f6 23. h5 fxg5 24. hxg6+ Kxg6 25. Rh7 Qxh1+ 26. Rxh1 Rh8 27. Rxh8 Rxh8
28. Qe2 Nd7 29. Qg4 Nf6 30. Qe6 Bf8 31. Kd1 g4 32. Qf5+ Kg7 33. Ke2 Rh2+ 34.
Kd3 Rg2 35. Qg5+ Kf7 36. Qh4 Kg6 37. c4 Bh6 0-1

[Event "Tch-CRO 1stA liga 2017"]
[Site "Mali Losinj"]
[Date "2017.09.30"]
[Round "3.14"]
[White "Kuljasevic, Davorin"]
[Black "Ostovic, Matija"]
[Result "1/2-1/2"]
[WhiteElo "2549"]
[BlackElo "2334"]
[PlyCount "52"]
[EventDate "2017.??.??"]
[EventCountry "CRO"]

1. Nf3 Nf6 2. c4 g6 3. Nc3 d5 4. cxd5 Nxd5 5. Qb3 Nb6 6. d4 Bg7 7. Bf4 O-O 8.
Rd1 c6 9. e4 Bg4 10. Be2 Bxf3 11. Bxf3 Bxd4 12. a4 a5 13. e5 Bxc3+ 14. bxc3 Qc7
15. Bg3 e6 16. O-O N8d7 17. c4 Nc5 18. Qe3 Ncxa4 19. Rd4 Nc5 20. Qh6 Rfe8 21.
Rh4 f5 22. exf6 Qf7 23. Bd6 Nbd7 24. Qe3 Na6 25. Be5 Nxe5 26. Qxe5 Nb4 1/2-1/2

[Event "Tch-CRO 1stA liga 2017"]
[Site "Mali Losinj"]
[Date "2017.09.30"]
[Round "3.15"]
[White "Vrban, Mladen"]
[Black "Jovanic, Ognjen"]
[Result "1/2-1/2"]
[WhiteElo "2295"]
[BlackElo "2490"]
[PlyCount "144"]
[EventDate "2017.??.??"]
[EventCountry "CRO"]

1. e4 c5 2. Nf3 e6 3. d4 cxd4 4. Nxd4 Nc6 5. Nc3 Qc7 6. Be2 a6 7. O-O Nf6 8.
Be3 Be7 9. Kh1 d6 10. f4 O-O 11. Qe1 Nxd4 12. Bxd4 b5 13. e5 Ne8 14. Bd3 Bb7
15. Ne4 Qd8 16. Rd1 g6 17. c3 Bxe4 18. Bxe4 d5 19. Bf3 Ng7 20. g4 f6 21. Bg2 f5
22. g5 Kf7 23. Rd3 h6 24. gxh6 Nh5 25. Rh3 Rh8 26. Qe3 Rxh6 27. Bf3 Qh8 28.
Bxd5 Rg8 29. Bg2 g5 30. fxg5 Rxg5 31. Rf2 Qg7 32. Kg1 Rhg6 33. Qf3 Nf4 34. Qxf4
Rxg2+ 35. Kf1 R6g4 36. Qf3 Rxf2+ 37. Qxf2 Re4 38. Qf3 Qg5 39. Qh5+ Qxh5 40.
Rxh5 Kg7 41. Rh3 Bg5 42. Kf2 Bf4 43. Rh4 Kg6 44. Kf3 Kg5 45. Rg4+ fxg4+ 46.
Kxe4 Bxh2 47. b3 Kg6 48. c4 bxc4 49. bxc4 Kf7 50. Be3 Bg3 51. Bf4 Bf2 52. Bg5
Ke8 53. Kf4 Bd4 54. Bf6 Kd7 55. Kxg4 Kc6 56. Kg5 Kc5 57. Be7+ Kxc4 58. Kf6 Kd5
59. Bd6 Bc3 60. a4 Ba5 61. Bb8 Bd8+ 62. Kf7 Bg5 63. Bd6 Be3 64. Bb8 Bc5 65. Kf6
Bb6 66. Kf7 Bd8 67. Bd6 Ba5 68. Bb8 Bc3 69. Kf6 Bd4 70. Bd6 Ba7 71. Kf7 Bd4 72.
Kf6 Bc3 1/2-1/2

[Event "Tch-CRO 1stA liga 2017"]
[Site "Mali Losinj"]
[Date "2017.09.30"]
[Round "3.16"]
[White "Kovacevic, Blazimir"]
[Black "Matijevic, Hrvoje"]
[Result "1-0"]
[WhiteElo "2488"]
[BlackElo "2227"]
[PlyCount "55"]
[EventDate "2017.??.??"]
[EventCountry "CRO"]

1. d4 Nf6 2. Bg5 e6 3. e4 h6 4. Bxf6 Qxf6 5. c3 d6 6. Bd3 g6 7. Ne2 Bg7 8. O-O
O-O 9. f4 c5 10. dxc5 dxc5 11. e5 Qe7 12. Nd2 Rd8 13. Nc4 Nc6 14. Qc2 b5 15.
Nd6 c4 16. Be4 Rxd6 17. exd6 Qxd6 18. Rad1 Qc5+ 19. Kh1 Rb8 20. Rd2 Bb7 21. Rd7
Na5 22. Ng3 Bc6 23. Bxc6 Qxc6 24. Rfd1 Nb7 25. Qe4 Qb6 26. Rxf7 Rd8 27. Rxd8+
Nxd8 28. Rd7 1-0

[Event "Tch-CRO 1stA liga 2017"]
[Site "Mali Losinj"]
[Date "2017.09.30"]
[Round "3.21"]
[White "Ponkratov, Pavel"]
[Black "Rogic, Davor"]
[Result "1/2-1/2"]
[WhiteElo "2591"]
[BlackElo "2511"]
[PlyCount "33"]
[EventDate "2017.??.??"]
[EventCountry "CRO"]

1. c4 e5 2. Nc3 Nf6 3. g3 g6 4. Bg2 Bg7 5. e3 O-O 6. Nge2 c6 7. d4 d6 8. O-O
Nbd7 9. b3 Re8 10. Ba3 exd4 11. exd4 d5 12. cxd5 Nxd5 13. Nxd5 cxd5 14. Re1 Nf6
15. Nc3 Rxe1+ 16. Qxe1 Be6 17. Ne2 1/2-1/2

[Event "Tch-CRO 1stA liga 2017"]
[Site "Mali Losinj"]
[Date "2017.09.30"]
[Round "3.22"]
[White "Dabo-Peranic, Robert"]
[Black "Martinovic, Sasa"]
[Result "0-1"]
[WhiteElo "2341"]
[BlackElo "2565"]
[PlyCount "92"]
[EventDate "2017.??.??"]
[EventCountry "CRO"]

1. e4 c5 2. Nf3 Nc6 3. d4 cxd4 4. Nxd4 Nf6 5. Nc3 d6 6. Bg5 e6 7. Qd2 a6 8.
Nxc6 bxc6 9. O-O-O Be7 10. Bxf6 gxf6 11. Kb1 Qa5 12. Bc4 Rb8 13. Rhe1 Rg8 14.
f4 f5 15. Bb3 fxe4 16. Rxe4 Qf5 17. Ba4 Kf8 18. Rd4 Bb7 19. h3 h5 20. g4 hxg4
21. hxg4 Rxg4 22. Rxd6 Qxf4 23. Rd7 Qxd2 24. R1xd2 Bb4 25. Bb3 Rg1+ 26. Rd1
Rxd1+ 27. Nxd1 Ke8 28. Rd3 Rd8 29. Nf2 Rxd3 30. cxd3 Ke7 31. d4 Bd2 32. Ne4 Be3
33. Nc5 Bc8 34. Bc4 a5 35. Nb3 a4 36. Nc5 Bxd4 37. Nxa4 e5 38. Kc2 Bf5+ 39. Kd2
Be6 40. Kd3 Bf5+ 41. Ke2 Be6 42. Kd3 Bxc4+ 43. Kxc4 f5 44. b4 f4 45. Kd3 f3 46.
a3 Kd6 0-1

[Event "Tch-CRO 1stA liga 2017"]
[Site "Mali Losinj"]
[Date "2017.09.30"]
[Round "3.23"]
[White "Cvitan, Ognjen"]
[Black "Rubil, Marko"]
[Result "1/2-1/2"]
[WhiteElo "2487"]
[BlackElo "2298"]
[PlyCount "66"]
[EventDate "2017.??.??"]
[EventCountry "CRO"]

1. c4 f5 2. Nf3 Nf6 3. g3 g6 4. Bg2 Bg7 5. O-O O-O 6. d4 d6 7. Nc3 Qe8 8. b3 a5
9. Bb2 Na6 10. Re1 e5 11. e4 f4 12. gxf4 Nh5 13. fxe5 Nf4 14. Nd5 Nxg2 15. Kxg2
Bg4 16. Re3 Qd7 17. Nf6+ Bxf6 18. exf6 Rxf6 19. d5 Bh3+ 20. Kh1 Qg4 21. Ne1
Rxf2 22. Qxg4 Bxg4 23. Nd3 Bf3+ 24. Kg1 Rg2+ 25. Kf1 Rf8 26. Rxf3 Rxf3+ 27.
Kxg2 Rxd3 28. Rb1 Re3 29. e5 dxe5 30. Kf2 Re4 31. Kf3 Rf4+ 32. Kg3 Re4 33. Kf3
Rf4+ 1/2-1/2

[Event "Tch-CRO 1stA liga 2017"]
[Site "Mali Losinj"]
[Date "2017.09.30"]
[Round "3.24"]
[White "Matanovic, Luka"]
[Black "Kurajica, Bojan"]
[Result "0-1"]
[WhiteElo "2211"]
[BlackElo "2509"]
[PlyCount "94"]
[EventDate "2017.??.??"]
[EventCountry "CRO"]

1. e4 c5 2. Nf3 Nc6 3. Bb5 e6 4. O-O Nge7 5. Re1 Ng6 6. c3 d5 7. exd5 Qxd5 8.
d4 cxd4 9. c4 Qd6 10. Nxd4 Bd7 11. Nxc6 bxc6 12. Ba4 Qxd1 13. Rxd1 Ne5 14. b3
O-O-O 15. Nc3 Be7 16. Be3 Kb7 17. Bd4 f6 18. Ne4 Bc8 19. Bc5 Bxc5 20. Nxc5+ Kb6
21. Ne4 Kc7 22. Kf1 Nd3 23. Rd2 f5 24. Nc3 Rd6 25. Rad1 Rhd8 26. g3 e5 27. f3
Be6 28. Ke2 e4 29. Ke3 g5 30. fxe4 f4+ 31. gxf4 gxf4+ 32. Kf3 Ne5+ 33. Kxf4
Rxd2 34. Rxd2 Rxd2 35. Kxe5 Bd7 36. h4 Rh2 37. b4 Rxh4 38. Bd1 Rh3 39. Na4 h5
40. Kf4 h4 41. Bf3 Rh2 42. Nc5 Rxa2 43. e5 Rc2 44. e6 Rxc4+ 45. Ke5 Bxe6 46.
Nxe6+ Kb6 47. Nd4 h3 0-1

[Event "Tch-CRO 1stA liga 2017"]
[Site "Mali Losinj"]
[Date "2017.09.30"]
[Round "3.25"]
[White "Muse, Mladen"]
[Black "Martic, Zlatko"]
[Result "1-0"]
[WhiteElo "2391"]
[BlackElo "2276"]
[PlyCount "79"]
[EventDate "2017.??.??"]
[EventCountry "CRO"]

1. Nf3 d5 2. g3 Bg4 3. Bg2 Nd7 4. d4 e6 5. O-O Ngf6 6. Nbd2 Be7 7. Re1 O-O 8.
e4 dxe4 9. Nxe4 Nxe4 10. Rxe4 Bf5 11. Re1 c6 12. c3 Qc7 13. Qb3 h6 14. Bf4 Qb6
15. Nd2 Qxb3 16. axb3 Nb6 17. Nc4 Nxc4 18. bxc4 g5 19. Be3 Rfd8 20. d5 exd5 21.
cxd5 cxd5 22. Bxa7 Rd7 23. Bd4 Rc8 24. Bxd5 Rxd5 25. Rxe7 b5 26. b4 Bd3 27. f3
Rf5 28. Re3 Bc4 29. g4 Rd5 30. Ra6 Kh7 31. Re7 Rdd8 32. Rf6 Re8 33. Rfxf7+ Bxf7
34. Rxf7+ Kg8 35. Rg7+ Kf8 36. Kf2 Rc6 37. Rb7 Rce6 38. Kg3 Re2 39. Rxb5 Rb2
40. h4 1-0

[Event "Tch-CRO 1stA liga 2017"]
[Site "Mali Losinj"]
[Date "2017.09.30"]
[Round "3.26"]
[White "Soldo, Josip"]
[Black "Kovacevic, Vlatko"]
[Result "1/2-1/2"]
[WhiteElo "2122"]
[BlackElo "2446"]
[PlyCount "71"]
[EventDate "2017.??.??"]
[EventCountry "CRO"]

1. e4 Nf6 2. e5 Nd5 3. d4 d6 4. exd6 cxd6 5. c4 Nb6 6. Nc3 g6 7. Be3 Bg7 8. h3
O-O 9. Nf3 Nc6 10. d5 Na5 11. Bd4 e5 12. dxe6 Bxe6 13. Bxg7 Kxg7 14. Qd4+ Qf6
15. b3 Nc6 16. Qxf6+ Kxf6 17. O-O-O Rfd8 18. Be2 d5 19. c5 Nc8 20. Rd2 N8e7 21.
Kb2 h5 22. a3 a5 23. Rhd1 Rab8 24. Nd4 Nxd4 25. Rxd4 b6 26. cxb6 Rxb6 27. a4
Kg7 28. Bb5 g5 29. R1d2 h4 30. Ka2 Rc8 31. Kb2 Rc5 32. Ne2 Bf5 33. Nc3 Be6 34.
Ne2 Bf5 35. Nc3 Be6 36. Ne2 1/2-1/2

[Event "Tch-CRO 1stA liga 2017"]
[Site "Mali Losinj"]
[Date "2017.09.30"]
[Round "3.31"]
[White "Postny, Evgeny"]
[Black "Cheparinov, Ivan"]
[Result "1/2-1/2"]
[WhiteElo "2569"]
[BlackElo "2695"]
[PlyCount "188"]
[EventDate "2017.??.??"]
[EventCountry "CRO"]

1. d4 f5 2. g3 Nf6 3. Bg2 g6 4. c4 Bg7 5. Nf3 O-O 6. O-O d6 7. Nc3 c6 8. b3 Na6
9. Bb2 Qc7 10. d5 e5 11. dxe6 Bxe6 12. Qc2 Rae8 13. Rad1 Nc5 14. e3 Qe7 15. Ne2
Nfe4 16. Bxg7 Kxg7 17. Nd2 Nf6 18. b4 Nce4 19. Rc1 Bf7 20. Qb2 Kg8 21. h3 Qe5
22. Qxe5 Rxe5 23. Rfd1 Nxd2 24. Rxd2 Ne4 25. Bxe4 Rxe4 26. Rxd6 Rxc4 27. Rxc4
Bxc4 28. Nc3 Rf7 29. g4 Kf8 30. Rd4 Be6 31. Kg2 Ke7 32. Kg3 Rf8 33. a3 Ra8 34.
g5 a5 35. b5 cxb5 36. Nxb5 Rc8 37. Rd6 Rc6 38. Rd2 Rc5 39. Rb2 Bd7 40. Nd4 b5
41. Nb3 Rc3 42. Nxa5 Rxa3 43. Nb3 Kd6 44. Nd4 Kc5 45. Rc2+ Kd6 46. Rd2 Kc5 47.
Rc2+ Kb6 48. Kf4 Ra1 49. Ke5 f4 50. Kxf4 Rb1 51. h4 Rh1 52. Ke5 Rxh4 53. Kd6
Bh3 54. f4 Bf1 55. Rc6+ Kb7 56. Kc5 Rh3 57. Re6 Rh2 58. Rb6+ Kc7 59. Nxb5+ Bxb5
60. Rxb5 Rd2 61. Rb4 Rd7 62. Ra4 Rd3 63. Ra7+ Kd8 64. e4 Ke8 65. Rxh7 Rf3 66.
Rh4 Rd3 67. Rh6 Kf7 68. Rh7+ Kg8 69. Rh6 Kf7 70. f5 gxf5 71. Rf6+ Kg7 72. Rxf5
Kg6 73. Rd5 Ra3 74. Kd6 Ra4 75. e5 Kxg5 76. Ke7 Kg6 77. e6 Ra7+ 78. Rd7 Ra6 79.
Rb7 Ra8 80. Rc7 Kg7 81. Kd6+ Kf6 82. Rf7+ Kg6 83. Rb7 Kf6 84. Kd7 Kg6 85. Rb6
Ra7+ 86. Kd8 Ra8+ 87. Ke7 Ra7+ 88. Kd6 Kf6 89. Rc6 Re7 90. Kd5 Re8 91. Ra6 Re7
92. Ra8 Rxe6 93. Rf8+ Kg7 94. Kxe6 Kxf8 1/2-1/2

[Event "Tch-CRO 1stA liga 2017"]
[Site "Mali Losinj"]
[Date "2017.09.30"]
[Round "3.32"]
[White "Hracek, Zbynek"]
[Black "Gharamian, Tigran"]
[Result "1/2-1/2"]
[WhiteElo "2610"]
[BlackElo "2626"]
[PlyCount "49"]
[EventDate "2017.??.??"]
[EventCountry "CRO"]

1. e4 e5 2. Nf3 Nc6 3. d4 exd4 4. Nxd4 Nf6 5. Nxc6 bxc6 6. e5 Qe7 7. Qe2 Nd5 8.
c4 Ba6 9. b3 g6 10. g3 Bg7 11. Bb2 O-O-O 12. Bg2 Rhe8 13. O-O Bxe5 14. Qxe5
Qxe5 15. Bxe5 Rxe5 16. cxd5 Bxf1 17. Kxf1 cxd5 18. Na3 c6 19. Nc2 Kc7 20. Rd1
Rb8 21. Bf3 Rb5 22. Be2 Rb8 23. Bf3 Rb5 24. Be2 Rb8 25. Bf3 1/2-1/2

[Event "Tch-CRO 1stA liga 2017"]
[Site "Mali Losinj"]
[Date "2017.09.30"]
[Round "3.33"]
[White "Jovanovic, Zoran"]
[Black "Leventic, Ivan"]
[Result "1/2-1/2"]
[WhiteElo "2534"]
[BlackElo "2411"]
[PlyCount "36"]
[EventDate "2017.??.??"]
[EventCountry "CRO"]

1. e4 e5 2. Bc4 Nf6 3. d3 c6 4. Nf3 d5 5. Bb3 a5 6. a4 Bb4+ 7. Bd2 dxe4 8. Nxe5
O-O 9. O-O Bd6 10. d4 Qc7 11. Bf4 Nbd7 12. Nxd7 Bxd7 13. Bxd6 Qxd6 14. h3 Rad8
15. Na3 Be6 16. c3 Rfe8 17. Re1 Qf4 18. Bxe6 Rxe6 1/2-1/2

[Event "Tch-CRO 1stA liga 2017"]
[Site "Mali Losinj"]
[Date "2017.09.30"]
[Round "3.34"]
[White "Zivkovic, Vjekoslav"]
[Black "Djurovic, Goran"]
[Result "1/2-1/2"]
[WhiteElo "2358"]
[BlackElo "2387"]
[PlyCount "29"]
[EventDate "2017.??.??"]
[EventCountry "CRO"]

1. e4 c5 2. Nf3 d6 3. d4 cxd4 4. Qxd4 a6 5. c4 Nc6 6. Qe3 g6 7. Be2 Bh6 8. Qc3
Qa5 9. Bxh6 Nxh6 10. h3 e5 11. O-O Qxc3 12. Nxc3 Be6 13. Rfd1 Ke7 14. Rac1 Rhd8
15. Nd5+ 1/2-1/2

[Event "Tch-CRO 1stA liga 2017"]
[Site "Mali Losinj"]
[Date "2017.09.30"]
[Round "3.35"]
[White "Bukal, Vladimir Jr"]
[Black "Mrkonjic, Nenad"]
[Result "1-0"]
[WhiteElo "2397"]
[BlackElo "2351"]
[PlyCount "56"]
[EventDate "2017.??.??"]
[EventCountry "CRO"]

1. Nf3 d5 2. g3 Nf6 3. Bg2 c6 4. O-O Bf5 5. d3 e6 6. Nh4 Bg6 7. Nxg6 hxg6 8.
Nd2 Be7 9. e4 Nbd7 10. Qe2 O-O 11. e5 Nh7 12. h4 b5 13. Nf3 a5 14. Bh3 c5 15.
Kg2 b4 16. Rh1 a4 17. a3 bxa3 18. bxa3 d4 19. Qe4 Nb6 20. Bg4 Nd5 21. Bd2 Rb8
22. h5 g5 23. h6 Ndf6 24. exf6 Nxf6 25. Qe5 gxh6 26. Rxh6 Qd5 27. Qxd5 exd5 28.
Bf5 Kg7 1-0

[Event "Tch-CRO 1stA liga 2017"]
[Site "Mali Losinj"]
[Date "2017.09.30"]
[Round "3.36"]
[White "Feletar, Darko"]
[Black "Dutina, Dario"]
[Result "1-0"]
[WhiteElo "2370"]
[BlackElo "2266"]
[PlyCount "127"]
[EventDate "2017.??.??"]
[EventCountry "CRO"]

1. d4 c5 2. d5 e5 3. e4 d6 4. Be2 Nf6 5. Nc3 a6 6. a4 Be7 7. Nf3 Nbd7 8. Nd2
O-O 9. a5 Ne8 10. Nc4 Bg5 11. Ra3 Bxc1 12. Qxc1 Qh4 13. Rb3 f5 14. exf5 Rxf5
15. O-O Rf7 16. Qe3 Qe7 17. h3 Ndf6 18. f4 exf4 19. Qxf4 Nd7 20. Qxf7+ Qxf7 21.
Rxf7 Kxf7 22. Bg4 Rb8 23. Ne4 Ke7 24. Re3 Ne5 25. Nexd6 Nxd6 26. Nxe5 Kd8 27.
Bxc8 Rxc8 28. c4 Rc7 29. g4 Re7 30. b3 Kc7 31. Kf2 Nf7 32. Nd3 Rxe3 33. Kxe3
Kd6 34. h4 Nh8 35. Ke4 Ng6 36. h5 Nf8 37. b4 cxb4 38. c5+ Kc7 39. Nxb4 Nd7 40.
c6 Nf6+ 41. Kf5 bxc6 42. dxc6 Ne8 43. Ke6 h6 44. Ke5 Nd6 45. Kd5 Ne8 46. Nxa6+
Kc8 47. Ke6 Nf6 48. Kf5 Nd5 49. Kg6 Ne3 50. g5 hxg5 51. Kxg5 Nd5 52. Nc5 Ne7
53. Ne6 Nxc6 54. Nxg7 Ne5 55. Nf5 Kb7 56. Ne3 Ka6 57. Kf6 Nd7+ 58. Kg7 Nc5 59.
h6 Ne6+ 60. Kf6 Nf8 61. Kf7 Nh7 62. Nc4 Kb5 63. Kg7 Ng5 64. h7 1-0

[Event "Tch-CRO 1stA liga 2017"]
[Site "Mali Losinj"]
[Date "2017.09.30"]
[Round "3.41"]
[White "Fedorchuk, Sergey A"]
[Black "Romanov, Evgeny"]
[Result "1/2-1/2"]
[WhiteElo "2640"]
[BlackElo "2626"]
[PlyCount "34"]
[EventDate "2017.??.??"]
[EventCountry "CRO"]

1. e4 e5 2. Nf3 Nc6 3. Bc4 Bc5 4. O-O Nf6 5. d3 a6 6. c3 d6 7. Bb3 Ba7 8. Re1
O-O 9. h3 h6 10. Nbd2 Be6 11. Nf1 Re8 12. Be3 Bxe3 13. Nxe3 Qd7 14. Bxe6 Qxe6
15. Nh2 d5 16. Qf3 dxe4 17. dxe4 Ne7 1/2-1/2

[Event "Tch-CRO 1stA liga 2017"]
[Site "Mali Losinj"]
[Date "2017.09.30"]
[Round "3.42"]
[White "Ivanisevic, Ivan"]
[Black "Georgiev, Kiril"]
[Result "1/2-1/2"]
[WhiteElo "2611"]
[BlackElo "2631"]
[PlyCount "36"]
[EventDate "2017.??.??"]
[EventCountry "CRO"]

1. e4 e5 2. Nf3 Nc6 3. d4 exd4 4. Nxd4 Nf6 5. Nxc6 bxc6 6. e5 Qe7 7. Qe2 Nd5 8.
h4 d6 9. c4 Nb6 10. exd6 cxd6 11. Be3 Be6 12. Qc2 g6 13. Qc3 Rg8 14. Bg5 Bg7
15. Bxe7 Bxc3+ 16. Nxc3 Kxe7 17. b3 a5 18. Kd2 a4 1/2-1/2

[Event "Tch-CRO 1stA liga 2017"]
[Site "Mali Losinj"]
[Date "2017.09.30"]
[Round "3.43"]
[White "Muse, Drazen"]
[Black "Lalic, Bogdan"]
[Result "1/2-1/2"]
[WhiteElo "2356"]
[BlackElo "2438"]
[PlyCount "31"]
[EventDate "2017.??.??"]
[EventCountry "CRO"]

1. d4 Nf6 2. Bf4 d5 3. e3 e6 4. Nf3 c5 5. c3 Nc6 6. Nbd2 Bd6 7. Bg3 O-O 8. Bb5
Qe7 9. Bxc6 bxc6 10. Qa4 Bxg3 11. hxg3 Rb8 12. Qa3 Qb7 13. Qxc5 Qxb2 14. O-O
Qb6 15. Qxb6 axb6 16. Ne5 1/2-1/2

[Event "Tch-CRO 1stA liga 2017"]
[Site "Mali Losinj"]
[Date "2017.09.30"]
[Round "3.44"]
[White "Sulava, Nenad"]
[Black "Zovko, Mario"]
[Result "1/2-1/2"]
[WhiteElo "2452"]
[BlackElo "2328"]
[PlyCount "50"]
[EventDate "2017.??.??"]
[EventCountry "CRO"]

1. Nf3 d5 2. e3 Nf6 3. c4 e6 4. b3 Be7 5. Bb2 O-O 6. Nc3 b6 7. cxd5 exd5 8. Be2
Bb7 9. O-O Nbd7 10. Rc1 a6 11. Rc2 Rc8 12. Qa1 c5 13. d4 c4 14. bxc4 dxc4 15.
a4 Nd5 16. Nxd5 Bxd5 17. Nd2 b5 18. e4 Bb7 19. d5 f6 20. Bg4 Ra8 21. Rb1 Nc5
22. Bd4 Bc8 23. Bxc8 Qxc8 24. axb5 axb5 25. Ra2 Rb8 1/2-1/2

[Event "Tch-CRO 1stA liga 2017"]
[Site "Mali Losinj"]
[Date "2017.09.30"]
[Round "3.45"]
[White "Mrdja, Milan"]
[Black "Loncar, Robert"]
[Result "1/2-1/2"]
[WhiteElo "2295"]
[BlackElo "2368"]
[PlyCount "27"]
[EventDate "2017.??.??"]
[EventCountry "CRO"]

1. c4 c5 2. Nc3 Nc6 3. Nf3 Nf6 4. d4 cxd4 5. Nxd4 e6 6. e4 Bb4 7. Nxc6 dxc6 8.
Qxd8+ Kxd8 9. Bd2 e5 10. O-O-O Ke8 11. f3 Be6 12. Be2 Nd7 13. Kc2 Bc5 14. b3
1/2-1/2

[Event "Tch-CRO 1stA liga 2017"]
[Site "Mali Losinj"]
[Date "2017.09.30"]
[Round "3.46"]
[White "Doric, Nenad"]
[Black "Zivkovic, Nikola"]
[Result "1-0"]
[WhiteElo "2256"]
[BlackElo "2180"]
[PlyCount "73"]
[EventDate "2017.??.??"]
[EventCountry "CRO"]

1. d4 Nf6 2. c4 g6 3. Nc3 Bg7 4. e4 d6 5. Nf3 O-O 6. Be2 e5 7. O-O Nbd7 8. Be3
c6 9. d5 cxd5 10. cxd5 h6 11. Nd2 a6 12. a4 Re8 13. Nc4 Nf8 14. a5 g5 15. Nb6
Rb8 16. Nxc8 Rxc8 17. Qb3 Qe7 18. f3 Ng6 19. g3 Qd7 20. Na4 Rc7 21. Nb6 Qe7 22.
Rac1 Rxc1 23. Rxc1 g4 24. Qc4 gxf3 25. Bxf3 Rd8 26. Qc7 Ne8 27. Qxe7 Nxe7 28.
g4 Kh7 29. h4 Ng6 30. h5 Nf4 31. Rc8 Rxc8 32. Nxc8 Bf6 33. Bd1 Bh4 34. Ba4 Nf6
35. Nxd6 Nxg4 36. Bb6 Kg7 37. Nf5+ 1-0